00360 a2200133 4500001000700000020002200007040001100029100002300040240006900063245006400132300000800196362000900204440001300213190153 a978-85-352-3415-2 cMagnum aRosa, Luiz Edmundo10aSe eu fosse você, o que faria como novo gestor de pessoaslpor10aSe eu fosse você, o que faria como novo gestor de pessoas a1140 a2009 1aElsevier